000 00471nmm a2200169Ia 4500
008 251105s9999||||xx |||||||||||||||||und||
020 _a9788494090684
041 _aspa
100 _aScott Fiztgerald, Francis
245 0 _aEl hundimiento
264 _a[Madrid, España] :
_bFunambulista,
_c2013
300 _a112 páginas
490 _aIntempestivos
650 _aNorth American narrative
856 _uhttps://public.digitaliapublishing.com/a/20854
942 _cCF
999 _c89334
_d89334